000 00374nam a2200169Ia 4500
100 _aAnand/Er.Rishabh
650 _aMobile computing
942 _cBK
366 _f20
654 _amobile computing
245 _aMobile computing(Technology and applications)
260 _bUSP
_c2012
082 _bANA
300 _a306
546 _aENGLISH
_cComputers
999 _c32042
_d32042